MARC Record
Leader
003
BE-GnUNI
007
't'u
035
a| (MSK)310004765
084
a| II.MISC.19
245
0
0
a| Herman Liebaers ad amicos suos :
b| XLVIII images autobiographiques.
260
a| Bruxelles,
c| 1984.
300
a| 48 :
b| ill.
546
a| Frans
500
a| Miscellanea
852
4
b| MSK
c| MSK
j| II.MISC.19
920
a| boek
001
000004754
005
20241224121603.0